000
00311 a2200133 4500
005
20250506122312.0
020
_a
90 178713 2
082
_a
LECT 320.96 NKR
100
_a
NKRUMAH, K.
245
_a
Africa Must Unite
260
_a
London,
_b
Panaf,
_c
1963.
300
_a
xvii, 229p.
_b
Index.
_c
21cm.
942
_2
ddc
_c
BKS
999
_c
2023
_d
2023